000 00415nam a2200181Ia 4500
008 210210b2005 xxu||||| |||| 00| 0 eng d
020 _a8170339405
041 _aeng
082 _a300 NONG
100 _aNO NONSENSE GUIDE.
245 _aGlobal media.
260 _aJaipur
_bRawat Publications
_c2005
300 _a144
650 _amedia.
650 _aGlobal
690 _aSocial Science
906 _a061867
999 _c115574
_d115574